Football Knowledge - Statistics

General Stats
  • This quiz has been taken 35 times
    15 since last reset
  • The average score is 8 of 15
Answer Stats
Question Answer % Correct
Where did Rooney play before Man United? Everton
100%
Which goalkeeper is the only one in history to win the Ballon d'Or? Lev Yashin
93%
Who is the only player to score for 6 different clubs in the Champions League? Zlatan Ibrahimović
93%
Who won Ballon d'Or in 2007? Kaka
86%
Who is the only footballer to score a World Cup goal in three different decades (1950s, 1960s and 1970s)? Pele
71%
Who is the only player to win the Champions League with three different clubs? Clarence Seedorf
64%
In which season Arsenal went invincible? 2003/04
57%
Who is the only player to receive a red card in the Champions League final as a goalkeeper? Jens Lehmann
57%
Which player scored the fastest hat-trick in Premier League history (in just 2 minutes and 56 seconds)? Sadio Mané
50%
Who holds the record for the most appearances in the World Cup finals as a player (not the title, but the appearances in the final match)? Cafu
36%
Which footballer was the only one to win three consecutive Golden Balls (Ballon d'Or) before Messi and Cristiano Ronaldo? Michel Platini
29%
Which European club was the first to win the treble? Celtic
21%
Which club is the only one in history to win the Champions League without having a single foreign player in its composition in the final? Steaua Bucharest
14%
Who holds the record for most assists in a single World Cup tournament (6 in total)? Diego Maradona
7%
Which European club holds the record for most consecutive domestic league titles (14 in total)? Lincoln Red Imps
7%
No matching quizzes found
Score Distribution
Percent of People with Each Score
Percentile by Number Answered
Your Score History
You have not taken this quiz since the last reset